[Event "Commonwealth-ch U12 Girls"]
[Site "New Delhi"]
[Date "2019.07.07"]
[Round "7.1"]
[White "Patel Riddhi, R."]
[Black "Tejaswini, G."]
[Result "1/2-1/2"]
[WhiteElo "1404"]
[BlackElo "1451"]
[PlyCount "55"]
[EventDate "2019.07.01"]
[EventType "swiss"]
[EventRounds "7"]
[EventCountry "IND"]
[SourceTitle "EXT 2024"]
[Source "ChessBase"]
[SourceDate "2023.10.10"]
[SourceVersion "1"]
[SourceVersionDate "2023.10.10"]
[SourceQuality "1"]

1. e4 c5 2. Nf3 d6 3. Bb5+ Bd7 4. Bxd7+ Nxd7 5. 0-0 Ngf6 6. Qe2 g6 7. c3 Bg7 8. d4 0-0 9. e5 dxe5 10. dxe5 Ng4 11. e6 Nde5 12. Ne1 Qb6 13. h3 Nh6 14. Bxh6 Bxh6 15. f4 c4+ 16. Kh1 Nd3 17. exf7+ Rxf7 18. Nxd3 cxd3 19. Qxd3 Rd8 20. Qe2 Bxf4 21. Na3 Rdf8 22. Nc4 Qc5 23. Rad1 Qg5 24. Rf3 b5 25. Nd2 Rd8 26. Ne4 Rxd1+ 27. Qxd1 Qe5 28. Qd3 1/2-1/2

[Event "IND-ch U13 Girls 33rd"]
[Site "Visakhapatnam"]
[Date "2019.05.06"]
[Round "4"]
[White "Boramanikar, Tanisha S"]
[Black "Patel Riddhi, R."]
[Result "1-0"]
[WhiteElo "1694"]
[BlackElo "1461"]
[PlyCount "67"]
[EventDate "2019.05.04"]
[EventType "swiss"]
[EventRounds "11"]
[EventCountry "IND"]
[SourceTitle "CBM 190 Extra"]
[Source "ChessBase"]
[SourceDate "2019.07.15"]
[SourceVersion "1"]
[SourceVersionDate "2019.07.15"]
[SourceQuality "1"]

1. e4 c5 2. d4 cxd4 3. c3 d3 4. Bxd3 Nc6 5. Nf3 g6 6. 0-0 Bg7 7. c4 d6 8. h3 Nf6 9. Nc3 0-0 10. Be3 Nd7 11. Rc1 b6 12. Qd2 Bb7 13. Rfd1 Nde5 14. Nxe5 dxe5 15. Qe1 Nd4 16. Bb1 f5 17. exf5 gxf5 18. Nb5 f4 19. Bxd4 exd4 20. c5 Qd7 21. Qf1 a6 22. Qd3 Rf7 23. Nxd4 Bxd4 24. Qxd4 Qc6 25. f3 Rg7 26. Be4 Qc7 27. c6 Bc8 28. Qd8+ Qxd8 29. Rxd8+ Kf7 30. c7 Bxh3 31. Rxa8 Rxg2+ 32. Kh1 Rxb2 33. c8Q Bxc8 34. Raxc8 1-0